000 00828cab a2200277 4500
001 ABS44258
008 090401t1991 xxu||||| |||| 00| 0 eng d
035 _a(Sirsi) u46198
041 _aeng
100 _aDriscoll, J.
245 _aPublic housing after the Local Government and Housing Act 1989
260 _c1991
350 _a0
490 _aModern Law Review
_v54 (2) March 1991, 244-258 (15)
520 _aAnalyses the provisions of the Local Government and Housing Act 1989 on local authority housing revenue and expenditure .
650 _aCOUNCIL HOUSING
650 _aHOUSING ACT 1980
650 _aHOUSING ACT 1988
650 _aHOUSING ACTION TRUSTS
650 _aLEGISLATION
650 _aRIGHT TO BUY
650 _aSUBSIDIES
690 _aHOUSING-FINANCE
942 _n0
948 _c04/03/1997
999 _c29232
_d29232